[Event "TUR-chT 1st League"]
[Site "Denizli"]
[Date "2023.07.14"]
[Round "8.55"]
[White "Ciftci, Zeynep"]
[Black "Anacoglu, Cisel"]
[Result "1-0"]
[WhiteElo "2143"]
[BlackElo "1796"]
[PlyCount "115"]
[EventDate "2023.07.09"]
[EventType "team-swiss"]
[EventRounds "9"]
[EventCountry "TUR"]
[SourceTitle "CBM 215 Extra"]
[Source "ChessBase"]
[SourceDate "2023.09.30"]
[SourceVersion "1"]
[SourceVersionDate "2023.09.30"]
[SourceQuality "1"]
[WhiteTeam "Karsiyaka Ihtisas"]
[BlackTeam "Gokyay Vakfi"]
[WhiteTeamCountry "TUR"]
[BlackTeamCountry "TUR"]

1. d4 d5 2. c4 e6 3. Nf3 c5 4. cxd5 exd5 5. g3 Nc6 6. Bg2 Nf6 7. 0-0 cxd4 8. Nxd4 Bc5 9. Nxc6 bxc6 10. Qc2 Qb6 11. Nc3 Bd4 12. Na4 Qb5 13. Bf4 0-0 14. e3 Bb6 15. Rfc1 c5 16. Nxc5 Bxc5 17. a4 Qb4 18. Qxc5 Qxb2 19. Qb5 Qxb5 20. axb5 Bf5 21. Rc7 Bd3 22. Bf1 Bxf1 23. Kxf1 Rab8 24. Rb1 Ne4 25. Ke1 g5 26. Be5 f6 27. Bd4 Rf7 28. Rxa7 Nd6 29. Rxf7 Kxf7 30. b6 Nc4 31. Ke2 Ke6 32. Kd3 f5 33. Ra1 Kd6 34. Ra7 Ne5+ 35. Bxe5+ Kxe5 36. Re7+ Kf6 37. Rxh7 Kg6 38. Rd7 Rxb6 39. Rc7 g4 40. Rc2 Kg7 41. Kd4 Rh6 42. Kxd5 Rxh2 43. Ke5 Kg6 44. Kf4 Rg2 45. Re2 Kf6 46. Rb2 Ke6 47. e4 fxe4 48. Kxe4 Rh2 49. Kf4 Rh8 50. Kxg4 Rg8+ 51. Kf4 Rf8+ 52. Ke4 Rg8 53. Rb6+ Ke7 54. Kf3 Rf8+ 55. Kg2 Rc8 56. g4 Kf7 57. Kg3 Kg7 58. g5 1-0

[Event "TUR-chT"]
[Site "Ankara"]
[Date "2022.08.22"]
[Round "7.3"]
[White "Anacoglu, Cisel"]
[Black "Ozturk Orenli, Kubra"]
[Result "0-1"]
[WhiteElo "1753"]
[BlackElo "2334"]
[PlyCount "94"]
[EventDate "2022.08.16"]
[EventType "team-tourn"]
[EventRounds "13"]
[EventCountry "TUR"]
[SourceTitle "CBM 209 Extra"]
[Source "ChessBase"]
[SourceDate "2022.09.30"]
[SourceVersion "1"]
[SourceVersionDate "2022.09.30"]
[SourceQuality "1"]
[WhiteTeam "Gokyay Vakfi"]
[BlackTeam "Gokturk"]
[WhiteTeamCountry "TUR"]
[BlackTeamCountry "TUR"]

1. e4 e5 2. Nf3 Nc6 3. Bb5 a6 4. Ba4 Nf6 5. 0-0 Be7 6. Re1 b5 7. Bb3 d6 8. c3 0-0 9. h3 Na5 10. Bc2 c5 11. d4 Qc7 12. d5 c4 13. b4 cxb3 14. axb3 Nd7 15. Bb2 Bf6 16. Nbd2 g6 17. Nf1 Bg7 18. g4 Nb7 19. Ng3 Nb6 20. Kh1 Bd7 21. Rg1 Kh8 22. Qd2 f6 23. Nh4 Nd8 24. Qe2 Nf7 25. Rg2 a5 26. Bd3 a4 27. Bxb5 axb3 28. Rgg1 Ng5 29. Kh2 Bxb5 30. Qxb5 Rab8 31. Qe2 Rfc8 32. Ra6 Qc4 33. f3 Na4 34. Qxc4 Rxc4 35. Ba3 Bf8 36. Bb4 Nxc3 37. Bxc3 Rxc3 38. Rc6 Rxf3 39. Rb1 Rf2+ 40. Kh1 b2 41. Rc3 Nxh3 42. Ng2 Nf4 43. Ne3 Ne2 44. Nxe2 Rxe2 45. Nc4 Rxe4 46. Rxb2 Rxb2 47. Nxb2 Re1+ 0-1

[Event "TUR-chT"]
[Site "Ankara"]
[Date "2022.08.18"]
[Round "3.5"]
[White "Anacoglu, Cisel"]
[Black "Aydin, Gulenay"]
[Result "0-1"]
[WhiteElo "1753"]
[BlackElo "2202"]
[PlyCount "74"]
[EventDate "2022.08.16"]
[EventType "team-tourn"]
[EventRounds "13"]
[EventCountry "TUR"]
[SourceTitle "CBM 209 Extra"]
[Source "ChessBase"]
[SourceDate "2022.09.30"]
[SourceVersion "1"]
[SourceVersionDate "2022.09.30"]
[SourceQuality "1"]
[WhiteTeam "Gokyay Vakfi"]
[BlackTeam "Bursa Buyuksehir"]
[WhiteTeamCountry "TUR"]
[BlackTeamCountry "TUR"]

1. e4 c5 2. Nf3 d6 3. Bb5+ Bd7 4. Bxd7+ Qxd7 5. c4 Nc6 6. d4 cxd4 7. Nxd4 g6 8. Nc3 Bg7 9. Be3 Nf6 10. h3 0-0 11. 0-0 a6 12. a4 e6 13. f4 Rad8 14. Nde2 Qc7 15. Rc1 Qa5 16. Qb3 Qb4 17. Qxb4 Nxb4 18. Rcd1 Rfe8 19. Bb6 Rc8 20. e5 Nd7 21. Rxd6 Nxb6 22. Rxb6 Rxc4 23. b3 Bf8 24. Rxb7 Rcc8 25. Ne4 Red8 26. Nf6+ Kg7 27. Nd7 Nd5 28. Nxf8 Kxf8 29. Rd1 Rc2 30. Ng3 Rdc8 31. Ne4 Re2 32. Rxf7+ Kg8 33. Ra7 Rxe4 34. Rxa6 Re2 35. Rxe6 Ne3 36. Rb1 Rxg2+ 37. Kh1 Rcc2 0-1

[Event "Veliko Gradiste Silver Lake op-A"]
[Site "Veliko Gradiste"]
[Date "2021.06.24"]
[Round "3"]
[White "Anacoglu, Cisel"]
[Black "Maria, Lia Alexandra"]
[Result "1/2-1/2"]
[WhiteElo "1924"]
[BlackElo "1810"]
[PlyCount "44"]
[EventDate "2021.06.23"]
[EventType "swiss"]
[EventRounds "9"]
[EventCountry "SRB"]
[SourceTitle "CBM 203 Extra"]
[Source "ChessBase"]
[SourceDate "2021.09.30"]
[SourceVersion "1"]
[SourceVersionDate "2021.09.30"]
[SourceQuality "1"]

1. e4 c5 2. Nf3 d6 3. Bb5+ Nd7 4. 0-0 a6 5. Bd3 Ngf6 6. Re1 g6 7. c3 Bg7 8. Bf1 0-0 9. a4 b6 10. d4 cxd4 11. cxd4 e5 12. Nc3 Bb7 13. Bc4 Qc7 14. Bb3 h6 15. Be3 Rfe8 16. Nh4 Nf8 17. f3 Ne6 18. dxe5 dxe5 19. Nd5 Nxd5 20. exd5 Nf8 21. Bd2 Qd8 22. Bb4 a5 1/2-1/2

[Event "EU-Cup Online Gr-A (Women)"]
[Site "Tornelo INT"]
[Date "2020.12.20"]
[Round "4.2"]
[White "Moerwald, Magdalena"]
[Black "Anacoglu, Cisel"]
[Result "0-1"]
[WhiteElo "1850"]
[BlackElo "1924"]
[PlyCount "160"]
[EventDate "2020.12.19"]
[EventType "team-tourn (rapid)"]
[EventRounds "7"]
[EventCountry "ISS"]
[SourceTitle "CBM 199 Extra"]
[Source "ChessBase"]
[SourceDate "2021.01.31"]
[SourceVersion "1"]
[SourceVersionDate "2021.01.31"]
[SourceQuality "1"]
[WhiteTeam "Wulkaprodersdorf (W)"]
[BlackTeam "Anatolia White (W)"]
[WhiteTeamCountry "AUT"]
[BlackTeamCountry "TUR"]

1. e4 e5 2. Nf3 Nc6 3. Bc4 Nf6 4. d3 Be7 5. c3 d6 6. Nbd2 0-0 7. Bb3 Na5 8. Bc2 c5 9. h3 Nc6 10. 0-0 Re8 11. Re1 Bf8 12. Nf1 h6 13. Ng3 d5 14. Qe2 g6 15. Bb3 Be6 16. Ba4 Qc7 17. exd5 Bxd5 18. c4 Bxf3 19. Qxf3 Bg7 20. Bxh6 Bxh6 21. Qxf6 Re6 22. Qh4 Bg7 23. Ne4 f5 24. Ng5 Rd6 25. Bd1 Bf6 26. Qg3 Qe7 27. Nf3 Kg7 28. Bc2 f4 29. Qg4 Rh8 30. d4 cxd4 31. Qxg6+ Kf8 32. Nd2 Qg7 33. Qf5 Rg8 34. Be4 Ne7 35. Qh5 Rh8 36. Qf3 Nc6 37. c5 Rd8 38. Bxc6 bxc6 39. Ne4 Rd5 40. Rac1 Be7 41. Rc4 d3 42. Rd1 Rg8 43. Rb4 Kf7 44. Rb7 Ke6 45. h4 Qg4 46. Ng5+ Kf5 47. Qxg4+ Kxg4 48. Rxe7 Kf5 49. Nf3 e4 50. Ng5 Rd4 51. Rxa7 e3 52. Rf7+ Kg6 53. fxe3 fxe3 54. Rff1 e2 55. Rfe1 exd1Q 56. Rxd1 Re8 57. Nf3 Rd5 58. b4 Re2 59. a4 Ra2 60. a5 Rb2 61. Ne1 d2 62. Nf3 Rxb4 63. Rxd2 Rxd2 64. Nxd2 Rxh4 65. Nf3 Ra4 66. Ne5+ Kf5 67. Nxc6 Ke6 68. Kf2 Kd5 69. Nb8 Kxc5 70. a6 Kd6 71. g4 Kc7 72. Kf3 Kxb8 73. g5 Rxa6 74. Kg4 Kc7 75. Kf5 Kd7 76. g6 Ke7 77. Kg5 Kf8 78. Kh6 Kg8 79. Kg5 Kg7 80. Kf5 Rxg6 0-1

[Event "Wch FIDE Online U14 Girls Europe qual"]
[Site "Tornelo INT"]
[Date "2020.12.08"]
[Round "4"]
[White "Anacoglu, Cisel"]
[Black "Manko, Mariya"]
[Result "1-0"]
[WhiteElo "1405"]
[BlackElo "1830"]
[PlyCount "67"]
[EventDate "2020.12.07"]
[EventType "swiss (rapid)"]
[EventRounds "7"]
[EventCountry "ISS"]
[SourceTitle "EXT 2022"]
[Source "ChessBase"]
[SourceDate "2021.10.06"]
[SourceVersion "1"]
[SourceVersionDate "2021.10.06"]
[SourceQuality "1"]

1. e4 c5 2. Nf3 a6 3. c4 Nc6 4. d4 cxd4 5. Nxd4 Nf6 6. Nc3 d6 7. Be2 e6 8. 0-0 Be7 9. Be3 0-0 10. f3 d5 11. Nxc6 bxc6 12. e5 Nd7 13. f4 a5 14. Na4 Ba6 15. c5 Bxe2 16. Qxe2 Qc7 17. Bd4 Rab8 18. b3 Rb5 19. Rac1 g6 20. g4 Qa7 21. Qe3 Rc8 22. Kh1 Bf8 23. f5 Bg7 24. f6 Bf8 25. Rf3 h6 26. Rh3 Kh7 27. Qd3 Kg8 28. Nb6 Nxb6 29. cxb6 Qb7 30. Be3 Rb4 31. Bxh6 Rxg4 32. Bxf8 Rxf8 33. Qe3 g5 34. Qd3 1-0

[Event "World ol U16"]
[Site "Corum"]
[Date "2019.10.30"]
[Round "2.15"]
[White "Anacoglu, Cisel"]
[Black "Velkovski, Kristijan"]
[Result "1-0"]
[WhiteElo "1918"]
[BlackElo "1866"]
[PlyCount "47"]
[EventDate "2019.10.29"]
[EventType "team-swiss"]
[EventRounds "9"]
[EventCountry "TUR"]
[SourceTitle "CBM 192 Extra"]
[Source "Chessbase"]
[SourceDate "2019.11.06"]
[SourceVersion "1"]
[SourceVersionDate "2019.11.06"]
[SourceQuality "1"]
[WhiteTeam "Turkey Girls"]
[BlackTeam "Macedonia"]
[WhiteTeamCountry "TUR"]
[BlackTeamCountry "MKD"]

1. e4 e5 2. Nf3 Nc6 3. Bb5 a6 4. Ba4 Nf6 5. 0-0 b5 6. Bb3 Bc5 7. c3 d6 8. d4 Bb6 9. a4 Rb8 10. axb5 axb5 11. Qd3 Bd7 12. Na3 exd4 13. cxd4 0-0 14. e5 Nb4 15. Qb1 Ne8 16. Bg5 Qc8 17. Be7 Bf5 18. Qe1 Nc6 19. Bxf8 Kxf8 20. Qd2 Qd7 21. Qf4 Nxd4 22. Nxd4 Bxd4 23. Qxd4 c5 24. Qf4 1-0

[Event "EU-ch U14 Girls"]
[Site "Bratislava"]
[Date "2019.08.09"]
[Round "8"]
[White "Reuter, Elisa"]
[Black "Anacoglu, Cisel"]
[Result "1/2-1/2"]
[WhiteElo "1930"]
[BlackElo "1813"]
[PlyCount "106"]
[EventDate "2019.08.02"]
[EventType "swiss"]
[EventRounds "9"]
[EventCountry "SVK"]
[SourceTitle "EXT 2020"]
[Source "ChessBase"]
[SourceDate "2019.10.17"]
[SourceVersion "1"]
[SourceVersionDate "2019.10.17"]
[SourceQuality "1"]

1. e4 e5 2. Nf3 Nc6 3. Bc4 Nf6 4. d3 Be7 5. c3 d6 6. Bb3 0-0 7. 0-0 Na5 8. Bc2 c5 9. Nbd2 Nc6 10. Re1 Re8 11. Nf1 h6 12. h3 Bf8 13. Ng3 g6 14. d4 cxd4 15. cxd4 exd4 16. Nxd4 Nxd4 17. Qxd4 Be6 18. Bd2 Bg7 19. Qd3 Rc8 20. Bc3 Nd7 21. Ne2 Ne5 22. Qd1 d5 23. Nd4 dxe4 24. Bxe4 Bd5 25. Bxd5 Qxd5 26. Qe2 Qd7 27. Qb5 Nc6 28. Nxc6 Bxc3 29. bxc3 Rxe1+ 30. Rxe1 Qxc6 31. Qxc6 Rxc6 32. Re7 Rxc3 33. Rxb7 a5 34. Rb3 Rxb3 35. axb3 Kf8 36. Kf1 Ke7 37. Ke2 Kd6 38. Kd2 Kc5 39. Kc3 Kb5 40. Kc2 Kc5 41. Kc3 Kb5 42. Kc2 Kb4 43. Kb2 f6 44. g4 g5 45. f3 Kc5 46. Kc3 Kb5 47. Kc2 Kc6 48. Kc3 Kc5 49. Kd3 Kb4 50. Kc2 Kb5 51. Kd3 Kc5 52. Kc3 Kd5 53. Kd3 Kc5 1/2-1/2

[Event "EU-ch U14 Girls"]
[Site "Bratislava"]
[Date "2019.08.07"]
[Round "6"]
[White "Wikar, Martyna"]
[Black "Anacoglu, Cisel"]
[Result "1/2-1/2"]
[WhiteElo "1951"]
[BlackElo "1813"]
[PlyCount "114"]
[EventDate "2019.08.02"]
[EventType "swiss"]
[EventRounds "9"]
[EventCountry "SVK"]
[SourceTitle "EXT 2020"]
[Source "ChessBase"]
[SourceDate "2019.10.17"]
[SourceVersion "1"]
[SourceVersionDate "2019.10.17"]
[SourceQuality "1"]

1. e4 e5 2. Nf3 Nc6 3. Bc4 Nf6 4. d3 Be7 5. Bb3 d6 6. c3 0-0 7. 0-0 Na5 8. Bc2 c5 9. Nbd2 Nc6 10. Nc4 Re8 11. Re1 h6 12. h3 Bf8 13. Ne3 g6 14. Qe2 Be6 15. Nh2 Nh5 16. Nd5 Bxd5 17. exd5 Ne7 18. Ba4 Nxd5 19. Bxe8 Qxe8 20. Qf3 Qc6 21. Ng4 Ndf4 22. Qxc6 bxc6 23. Bxf4 Nxf4 24. Rad1 Bg7 25. f3 Rb8 26. Rd2 h5 27. Ne3 Bh6 28. Nf1 f5 29. Kh2 h4 30. b3 Kf7 31. Red1 d5 32. Rc2 Bg7 33. b4 cxb4 34. cxb4 Rxb4 35. Rxc6 Rb2 36. Rc7+ Kg8 37. Rd2 Rxd2 38. Nxd2 Nxd3 39. Rd7 Nf4 40. g3 hxg3+ 41. Kxg3 Bh6 42. Nb3 d4 43. a4 d3 44. a5 e4 45. fxe4 fxe4 46. Nc5 Ne2+ 47. Kg2 Nc3 48. Nxd3 exd3 49. Rxd3 Nb5 50. a6 Bf8 51. Rd5 Nc7 52. Rd7 Nxa6 53. Rxa7 Nb4 54. Kg3 Nc6 55. Ra6 Ne7 56. Kg4 Kf7 57. h4 Bg7 1/2-1/2

[Event "TUR-chT 1st League"]
[Site "Konya"]
[Date "2019.07.28"]
[Round "9.2"]
[White "Solozhenkina, Elizaveta"]
[Black "Anacoglu, Cisel"]
[Result "1-0"]
[WhiteElo "2324"]
[BlackElo "1869"]
[PlyCount "57"]
[EventDate "2019.07.22"]
[EventType "team-swiss"]
[EventRounds "9"]
[EventCountry "TUR"]
[SourceTitle "CBM 191 Extra"]
[Source "ChessBase"]
[SourceDate "2019.09.30"]
[SourceVersion "1"]
[SourceVersionDate "2019.09.30"]
[SourceQuality "1"]
[WhiteTeam "Olbia Satranc"]
[BlackTeam "Gokyay Vakfi"]
[WhiteTeamCountry "TUR"]
[BlackTeamCountry "TUR"]

1. Nf3 d5 2. g3 Nf6 3. Bg2 Bg4 4. c4 c6 5. 0-0 Nbd7 6. cxd5 cxd5 7. Qb3 Qb6 8. Qxb6 Nxb6 9. h3 Bh5 10. Nc3 Rc8 11. g4 Bg6 12. d3 h6 13. Ne5 Bh7 14. Be3 e6 15. Nb5 Nbd7 16. Nxd7 Kxd7 17. Bxa7 Rc2 18. Rfc1 Rxb2 19. Rc7+ Kd8 20. Rxb7 Nd7 21. Rc1 Bg6 22. a4 f6 23. Bb6+ Nxb6 24. Rxb6 f5 25. gxf5 Bxf5 26. e4 dxe4 27. dxe4 Bh7 28. e5 Rd2 29. Rc7 1-0

[Event "Mentese (Women)"]
[Site "Mentese"]
[Date "2019.06.28"]
[Round "9.4"]
[White "Anacoglu, Cisel"]
[Black "Doluhanova, Evgeniya"]
[Result "0-1"]
[WhiteElo "1973"]
[BlackElo "2319"]
[PlyCount "108"]
[EventDate "2019.06.24"]
[EventType "schev"]
[EventRounds "10"]
[EventCountry "TUR"]
[SourceTitle "CBM 191 Extra"]
[Source "ChessBase"]
[SourceDate "2019.09.30"]
[SourceVersion "1"]
[SourceVersionDate "2019.09.30"]
[SourceQuality "1"]
[WhiteTeam "White Team"]
[BlackTeam "Green Team"]
[WhiteTeamCountry "TUR"]
[BlackTeamCountry "TUR"]

1. e4 e5 2. Nf3 Nc6 3. Bb5 Nf6 4. d3 Bc5 5. Bxc6 dxc6 6. h3 0-0 7. 0-0 Nd7 8. Be3 f6 9. Nbd2 Qe7 10. a4 a5 11. Nc4 Rd8 12. Qe2 Nf8 13. Nfd2 b6 14. Nb3 Bxe3 15. fxe3 c5 16. Nbd2 Be6 17. b3 Ra6 18. Nb1 c6 19. Nc3 Rb8 20. Na3 Ra7 21. Qf2 Qd7 22. Nc4 b5 23. Nd2 Qe7 24. d4 cxd4 25. exd4 exd4 26. Qxd4 Rd7 27. Qe3 Rbd8 28. Nf3 b4 29. Ne2 Bf7 30. Ned4 Qc5 31. Nf5 Qxe3+ 32. Nxe3 Re8 33. e5 fxe5 34. Ng4 Ng6 35. Rfe1 e4 36. Ng5 Bd5 37. Rad1 Rde7 38. h4 Nxh4 39. Ne3 Re5 40. Nh3 Nf5 41. Nf2 Nxe3 42. Rxe3 h5 43. Rde1 R8e6 44. Nh3 Rf5 45. Nf2 Rg5 46. Nh3 Rg4 47. Nf2 Rf4 48. g3 Rf3 49. Rxf3 exf3 50. Rxe6 Bxe6 51. Nd3 Bf5 52. Kf2 Bxd3 53. cxd3 g5 54. Kxf3 Kf7 0-1